000
00305nam a22001217a 4500
008
190305b xxu||||| |||| 00| 0 eng d
041
_a
eng
080
_a
371
100
_a
46
101
_a
EDU
245
_a
A Manual for Writers of Term Papers, Theses, and Dissertations
_c
Turabian,K.L
942
_2
udc
_c
BK
999
_c
54556
_d
54556